Regras Oficiais de Basquetebol (Registo nº 97)

Detalhes MARC
000 -Etiqueta do registo
Cabeçalho 00771nam0a22003011i 4500
005 - Identificador da versão
Campo de controlo 20240813121754.0
021 ## - Número do Depósito Legal
Código do país PT
Número 136897/99
035 ## - Other System Control Numbers
System Control Number 0000101
System Control Number 0000101
System Control Number 0000101
System Control Number 0000101
100 ## - Dados gerais de processamento
Dados gerais de processamento 20041104d a e0pory5003 ba
102 ## - Pais de publicação ou produção
País de publicação Portugal
101 1# - Língua de publicação
Língua do texto, banda sonora, etc. Português
Língua do documento no original Português
106 ## - Campo de dados codificados: material textual
Dados codificados do material textual r
105 ## - Campo de dados codificados: livros
Dados codificados dos livros y z 001yy
215 ## - Descrição física 
Indicação específica da natureza do documento e extensão da espécie 83 p.
Dimensões cm
200 1# - Titulo e menção de responsabilidade
Título próprio Regras Oficiais de Basquetebol
Informação de outro título manual do árbitro
Primeira menção de responsabilidade FIBA
225 2# - Colecção 
Título próprio da colecção regulamentos
210 ## - Publicação, Distribuição, etc. 
Lugar da edição, distribuição, etc. Lisboa
Nome do editor, distribuidor, etc. Federação Portuguesa de Basquetebol
Data da publicação, distribuição, etc. 1999
606 ## - Nome comum usado como assunto
Número de registo de entrada de autoridade 0000185
Palavra de ordem Desportos
Subdivisão de assunto Basquetebol
675 ## - Classificação Decimal Universal (CDU)
Notação 796.323
Edição BN
Língua da edição por
700 #1 - Nome de autor-pessoa física (responsabilidade principal)
Número de registo de entrada de autoridade 0000187
Palavra de ordem Veiga
Outra parte do nome não tomada para palavra de ordem João
966 ## - Identificação da Biblioteca
Sigla NUMETECA
942 ## - Elementos de entrada adicionados (Koha)
Tipo de item no Koha Livro
Exemplares
Situação do levantamento Origin of item (home branch) (coded) Biblioteca de empréstimo Código de barras Cota Circulation type (not for loan) Tipo de documento Nota do exemplar Damaged status
  Biblioteca Escolar Eng. Nuno Mergulhão Biblioteca Escolar Eng. Nuno Mergulhão BENM271 7DES   Livro Sem mensagem